Surface anatomy : (Record no. 7241)

MARC details
000 -LEADER
fixed length control field 00924cam a2200229 4500
001 - CONTROL NUMBER
control field 8380
008 - FIXED-LENGTH DATA ELEMENTS--GENERAL INFORMATION
fixed length control field 010214s2002 stka 001 0 eng c
010 ## - LIBRARY OF CONGRESS CONTROL NUMBER
LC control number 2001023505
020 ## - INTERNATIONAL STANDARD BOOK NUMBER
International Standard Book Number 0443070458
International Standard Book Number 0443070466 (International student ed.)
082 00 - DEWEY DECIMAL CLASSIFICATION NUMBER
Classification number 611
Edition number 21
100 1# - MAIN ENTRY--PERSONAL NAME
Personal name Lumley, J. S. P.
Fuller form of name (John Stuart Penton)
245 10 - TITLE STATEMENT
Title Surface anatomy :
Remainder of title the anatomical basis of clinical examination /
Statement of responsibility, etc. John S.P. Lumley ; photography by Carole Reeves, Christopher Priest ; illustrations by Ian Ramsden
250 ## - EDITION STATEMENT
Edition statement 3rd ed
260 ## - PUBLICATION, DISTRIBUTION, ETC.
Place of publication, distribution, etc. Edinburgh ;
-- New York :
Name of publisher, distributor, etc. Churchill Livingstone,
Date of publication, distribution, etc. 2002
300 ## - PHYSICAL DESCRIPTION
Extent vii, 135 p. :
Other physical details ill. (some col.) ;
Dimensions 28 cm
500 ## - GENERAL NOTE
General note Includes index
505 ## - FORMATTED CONTENTS NOTE
Formatted contents note CONTENTS : Introduction. Head. Neck. Thorax. Abdomen and pelvis. Back. Upper limb. Lower limb.
Miscellaneous information
Statement of responsibility
Title
650 #0 - SUBJECT ADDED ENTRY--TOPICAL TERM
Topical term or geographic name entry element Anatomy, Surgical and topographical
Topical term or geographic name entry element Anatomy
Form subdivision Atlases
Holdings
Withdrawn status Lost status Source of classification or shelving scheme Damaged status Not for loan Collection code Home library Current library Shelving location Date acquired Serial Enumeration / chronology Inventory number Total Checkouts Full call number Barcode Date last seen Price effective from Koha item type
    Dewey Decimal Classification     Main TEST RTC Library RTC Library Main opac 27/11/2018 12808   611 LUM 30012961 27/11/2018 27/11/2018 Main
Royal Thimphu College || All Right Reserved